Darts Major Gewinner 2024 - Statistiken

Allgemein
  • Dieses Quiz wurde 470 mal gespielt
  • Das Durchschnittsergebnis liegt bei 9 aus 11
Antwortstatistiken
Turnier Spieler % Korrekt
PDC World Darts Championship Luke Humphries
98%
Premier League Darts Luke Littler
92%
Grand Slam of Darts Luke Littler
83%
World Cup of Darts Luke Humphries & Michael Smith
81%
Players Championship Finals Luke Humphries
79%
World Matchplay Luke Humphries
78%
World Series of Darts Finals Luke Littler
77%
The Masters Stephen Bunting
75%
World Grand Prix Mike De Decker
74%
European Darts Championship Ritchie Edhouse
68%
UK Open Dimitri Van den Bergh
67%
Keine übereinstimmenden Quizze gefunden
Verteilung der Resultate
Anzahl Personen mit jedem Resultat
Perzentil nach korrekt beantworteten Fragen
Ihre Resultats-Entwicklung
Sie haben dieses Quiz noch nicht gespielt